000
00414nam a22001577a 4500
003
MACL
005
20160112173440.0
008
160112b xxu||||| |||| 00| 0 eng d
040
_c
MACL
041
_a
Hindi
082
_a
320
245
_a
भारत का संविघान
260
_a
आगरा
_b
उपकार प्रकाशन
650
_a
संविधान
_9
205
942
_2
ddc
_c
HIN
999
_c
52102
_d
52102